书目信息 |
| 题名: |
风景园林专业英语
|
|
| 作者: | 武涛 , 王霞 主编 | |
| 分册: | ||
| 出版信息: | 重庆 重庆大学出版社 2020.01 |
|
| 页数: | 314页 | |
| 开本: | 26cm | |
| 丛书名: | 高等院校风景园林类专业“十三五”规划系列教材 | |
| 单 册: | ||
| 中图分类: | TU986.2 | |
| 科图分类: | ||
| 主题词: | 园林设计--yuan lin she ji--英语--高等学校--教材 | |
| 电子资源: | ||
| ISBN: | 978-7-5689-1521-2 | |
| 000 | 01344nam 2200253 450 | |
| 001 | 2047410853 | |
| 005 | 20201107131017.78 | |
| 010 | @a978-7-5689-1521-2@dCNY48.00 | |
| 100 | @a20200313d2020 em y0chiy50 ea | |
| 101 | 0 | @achi@aeng |
| 102 | @aCN@b500000 | |
| 105 | @aak z 000yy | |
| 200 | 1 | @a风景园林专业英语@Afeng jing yuan lin zhuan ye ying yu@f主编武涛, 王霞 |
| 210 | @a重庆@c重庆大学出版社@d2020.01 | |
| 215 | @a314页@c图@d26cm | |
| 225 | 2 | @a高等院校风景园林类专业“十三五”规划系列教材@Agao deng yuan xiao feng jing yuan lin lei zhuan ye “ shi san wu ” gui hua xi lie jiao cai@i应用类 |
| 330 | @a本书共分为7个部分15单元, 48篇文章, 第一部分为概述, 是有关风景园林专业与职业介绍的总述 ; 第二、三、四部分分别为风景园林史论、现代风景园林发展、风景园林人物及作品, 回顾了风景园林从古至今, 直至当前的重要设计思想和作品 ; 第五部分为规划设计理论与方法, 是有关场地总体规划、详细景观设计和生态规划设计的方法论 ; 第六部分为工程与技术, 从工程角度解析项目实施过程中的专业问题 ; 第七部分为研究与动态, 节选专业期刊中热点专题, 以开阔读者视野。 | |
| 410 | 0 | @12001 @a高等院校风景园林类专业“十三五”规划系列教材@i应用类 |
| 606 | 0 | @a园林设计@Ayuan lin she ji@x英语@x高等学校@j教材 |
| 690 | @aTU986.2@v5 | |
| 701 | 0 | @a武涛@Awu tao@4主编 |
| 701 | 0 | @a王霞@Awang xia@4主编 |
| 801 | 0 | @aCN@b人天书店@c20201002 |
| 905 | @aZUCC@dTU986.2@eW988 | |
| 风景园林专业英语/主编武涛, 王霞.-重庆:重庆大学出版社,2020.01 |
| 314页:图;26cm.-(高等院校风景园林类专业“十三五”规划系列教材.应用类) |
| ISBN 978-7-5689-1521-2:CNY48.00 |
| 本书共分为7个部分15单元, 48篇文章, 第一部分为概述, 是有关风景园林专业与职业介绍的总述 ; 第二、三、四部分分别为风景园林史论、现代风景园林发展、风景园林人物及作品, 回顾了风景园林从古至今, 直至当前的重要设计思想和作品 ; 第五部分为规划设计理论与方法, 是有关场地总体规划、详细景观设计和生态规划设计的方法论 ; 第六部分为工程与技术, 从工程角度解析项目实施过程中的专业问题 ; 第七部分为研究与动态, 节选专业期刊中热点专题, 以开阔读者视野。 |
| ● |
| 相关链接 |
|
|
|
正题名:风景园林专业英语
索取号:TU986.2/W988
 
预约/预借
| 序号 | 登录号 | 条形码 | 馆藏地/架位号 | 状态 | 备注 |
| 1 | 1485440 | 214854406 | 建筑库201/201建筑库 109排2列5层/ [索取号:TU986.2/W988] | 在馆 | |
| 2 | 1485441 | 214854415 | 建筑库201/201建筑库 109排2列5层/ [索取号:TU986.2/W988] | 在馆 |